Normal view
MARC view
- ANUSREE, K. DEEPAK ,
Entry Personal Name
001 - CONTROL NUMBER
- control field: 5341
003 - CONTROL NUMBER IDENTIFIER
- control field: OSt
005 - DATE AND TIME OF LATEST TRANSACTION
- control field: 20221202112423.0
008 - FIXED-LENGTH DATA ELEMENTS
- fixed length control field: 221202|| aca||aabn | a|a d
040 ## - CATALOGING SOURCE
- Original cataloging agency: OSt
- Transcribing agency: OSt
100 ## - HEADING--PERSONAL NAME
- Personal name: ANUSREE, K. DEEPAK ,
- Personal name: GAYATHRI MENON T
- Personal name: GOPIKA, P. D
- Personal name: SURAJ, KUMAR
670 ## - SOURCE DATA FOUND
- Source citation: Work cat.: (OSt)17600: ANUSREE, K. DEEPAK , GAYATHRI MENON T GOPIKA, P. D SURAJ, KUMAR, ASSESMENT OF NEUTRALITY AND SUSTAINABILITY OF KCAET CAMPUS, 2022
